| 000 | 00619cam a22002171 4500 | ||
|---|---|---|---|
| 001 | sa 68016423 | ||
| 003 | DLC | ||
| 005 | 20260227112654.0 | ||
| 008 | 790126s1965 io 000 0 ind | ||
| 010 | _asa 68016423 | ||
| 035 | _a(OCoLC)4589577 | ||
| 040 |
_aDLC _cOAU _dDLC |
||
| 042 | _apremarc | ||
| 050 | 0 | 0 |
_aBL2015.M9 _bS68 |
| 100 | 1 | _aSosrosudigdo, Sarwedi. | |
| 245 | 1 | 0 | _aFungsi & arti kebatinan, untuk pribadi dan revolusi. |
| 246 | 3 | _aFungsi dan arti kebatinan, untuk pribadi dan revolusi | |
| 260 |
_aDjakarta, _bBalai Pustaka, _c1965. |
||
| 300 |
_a114 p. _c16 cm. |
||
| 650 | 0 |
_aMysticism _zIndonesia. |
|
| 999 |
_c87087 _d87087 |
||